000 00382nam a2200169Ia 4500
001 11740
003 GE_BSU
008 181216s||||||||xx |||||||||||||| ||und||
040 _cGE_BSU
245 4 _aThe Economist, september 13th-19th. 2014
245 _bvolume 412 number 8904
260 _aParis
260 _c2014
300 _a90p.27cm.
653 _aThe Economist
942 _cCR
999 _c44919
_d44919